000
00322nam a22001337a 4500
008
170825b xxu||||| |||| 00| 0 eng d
020
_a
9780673468048
041
_a
eng
080
_2
12TH
_a
070
100
_a
39
101
_a
MED
245
_a
PRINCIPLES AND TYPES OF SPEECH COMMUNICATION
_c
GRONBECK,B.E
942
_2
udc
_c
BK
999
_c
25119
_d
25119